| 000 | 00363 a2200097 4500 | ||
|---|---|---|---|
| 040 |
_aDLC _bDLC |
||
| 245 |
_aMicrosoft official course 6425B configuring ad troubleshooting windows server 2008 active directory domain services (Vol.2) _cMicrosoft |
||
| 260 |
_aUSA : _bMicrosoft Corporation, _c2009. |
||
| 300 |
_axv, 969 p. : _bill. ; _c24 cm. |
||
| 942 |
_cBK _k005.43 MIC _2ddc |
||
| 999 |
_c10316 _d10316 |
||